Home renovation
Home Renovation Frank Ching & Dale E. Miller How to transform your home into a more functional, comfortable, and pleasing environment is fully explained here and illustrated by Frank Ching’s delightful graphics. Far more than a "project" book, this guide melds useful construction infor...
Kaydedildi:
| Yazar: | |
|---|---|
| Materyal Türü: | Kitap |
| Dil: | Undetermined |
| Baskı/Yayın Bilgisi: |
New York
Van Nostrand Reinhold Co.
1983
|
| Konular: | |
| Etiketler: |
Etiketle
Etiket eklenmemiş, İlk siz ekleyin!
|
| Thư viện lưu trữ: | Trung tâm Học liệu Trường Đại học Cần Thơ |
|---|
| LEADER | 00975nam a2200217Ia 4500 | ||
|---|---|---|---|
| 001 | CTU_165960 | ||
| 008 | 210402s9999 xx 000 0 und d | ||
| 020 | |c 49.95 | ||
| 082 | |a 643.7 | ||
| 082 | |b C539 | ||
| 100 | |a Ching, Frank | ||
| 245 | 0 | |a Home renovation | |
| 245 | 0 | |c Francis D.K. Ching, Dale E. Miller | |
| 260 | |a New York | ||
| 260 | |b Van Nostrand Reinhold Co. | ||
| 260 | |c 1983 | ||
| 520 | |a Home Renovation Frank Ching & Dale E. Miller How to transform your home into a more functional, comfortable, and pleasing environment is fully explained here and illustrated by Frank Ching’s delightful graphics. Far more than a "project" book, this guide melds useful construction information with important planning and design ideas that should precede any decision to renovate or remodel your home | ||
| 650 | |a Dwellings,Sữa chữa nhà ở | ||
| 650 | |x Remodeling | ||
| 910 | |a Nguyên | ||
| 980 | |a Trung tâm Học liệu Trường Đại học Cần Thơ | ||